Movies Quiz

Random Movies Quiz

Elf Characters Quiz Stats

 Plays Quiz not verified by Sporcle

Score 0/16 Timer 08:00
0 Plays Today
Elf Character % Correct
buddy
98.3%
santa
88.6%
papa elf
85.4%
walter
85%
michael
83.1%
jovie
79.5%
deb
37.6%
emily
32.8%
Elf Character % Correct
gimbels
7.6%
leon the snowman
3.8%
morris
3.6%
manager
3.4%
eugene
3.2%
fulton
3.2%
miles flinch
1.5%
gimbels santa
1.5%

You're not logged in!

Compare scores with friends on all Sporcle quizzes.
OR
Log In

You Might Also Like...

Show Comments

Extras

Created Nov 25, 2010ReportNominate
Tags:Elf Movie

Top Quizzes Today


Score Distribution

Your Account Isn't Verified!

In order to create a playlist on Sporcle, you need to verify the email address you used during registration. Go to your Sporcle Settings to finish the process.

Report this User

Report this user for behavior that violates our Community Guidelines.

Details: